000 00878nam a2200241Ia 4500
003 OSt
005 20220923211942.0
006 a|||||r|||| 00| 0
007 ta
008 220922b |||||||| |||| 00| 0 hin d
024 _a75,017
037 _cTextual
040 _aARTS
_cARTS
_bhin
041 _2hin
_ahin
082 _aR65:6x M56, 152K9
100 _aतिलक, बाल गंगाधर
245 0 _aश्रीमत्भगवद्गीतारहस्य अथवा कर्मयोगशास्त्र, अनु माधवरावजी सप्रे
246 _aShrīmatbhagavadgītārahasya athavā karmayogashāstra, anu0 mādhavarāvajī sapre
250 _a14laLdj.k
260 _c1969
942 _hR65:6x M56, 152K9
_cTEXL
_2CC
999 _c304859
_d304859